00487nam a2200157Ia 4500020001800000082001700018245006100035260004800096300001400144504003600158650004700194650002200241650002700263700001800290700002100308 a0-521-56354-2 a320.011 CAM- 0aCambridge history of twentieth-century political thought aCambridgebCambridge University Pressc2003 axi, 754p. aIncludes bibliography and index aPolitical science - History - 20th century aPolitical thought aHistory - 20th century aBall, Terence aBellamy, Richard